01835cam a2200433 a 450000100090000000300070000900500170001600600190003300700150005200800410006701000170010802000250012502000430015002000220019304000220021505000100023706000110024708200140025824500850027224600200035725000130037726000500039030000340044050000580047450400510053258801030058365000230068670000220070970000160073170000530074773000290080077601600082990600450098994200200103499900170105495201280107195201010119995201010130022427911CBULib20240430102047.0m |o d | cr |||||||||||120217s2013 nyua ob 001 0 eng  a 2021695224 a9780071632607qebook z9780071624978 (softcover : alk. paper) z007162497X (MHID) aDLCbengepncDLC00aRC87110aWJ 14000a616.622300aSmith and Tanagho's general urology /beditors, Jack W. McAninch, Thomas F. Lue.1 aGeneral urology a18th ed. aNew York :bMcGraw-Hill Professional,cc2013. a1 online resource (x, 758 p.) aRev. ed. of: Smith's general urology. 17th ed. c2008. aIncludes bibliographical references and index. aDescription based on print version record and CIP data provided by publisher; resource not viewed.12aUrologic Diseases.1 aMcAninch, Jack W.1 aLue, Tom F.1 aSmith, Donald R.q(Donald Ridgeway),d1909-1991.0 aSmith's general urology.08iPrint version:tSmith and Tanagho's general urologydNew York : McGraw-Hill Professional, c2013.z9780071624978 (softcover : alk. paper)w(DLC) 2012007118 a7bcbccorigcopd1eecipf20gy-gencatlg 2lccc002e18n0 c84973d84973 00102lcc40708SOMa002b002cGENd2024-04-30iRC 871 Smil1oRC 871 Smip902421r2024-05-16s2024-05-02w2024-04-30y002 00102lcc40708SOMa002b002cGENd2024-04-30iRC 871 Smip902419r2024-04-30w2024-04-30y002 00102lcc40708SOMa002b002cGENd2024-04-30iRC 871 Smip902420r2024-04-30w2024-04-30y002